Кн. 1; Аналитическая химия

Մատենագիտական մանրամասներ
Parent link:Аналитическая химия: учебное пособие/ А. Т. Пилипенко, И. В. Пятницкий. Кн. 1.— , 1990.— 572450507-X
Ամփոփում:Изложены теоретические основы, а также цели и задачи аналитической химии, теория химических, физико-химических и физических методов анализа. Рассмотрены принципы подготовки пробы к анализу, переведение ее в раствор, определение состава материалов, препаратов, руд, горных пород и анализ объектов окружающей среды. Даны необходимые сведения о новых методах анализа и о ме­тодах определения структуры химических соединений. Приведены методы обработки результатов.Предназначена для студентов химических факультетов университетов. Будет полезна аспирантам и химикам-аналитикам химических и геологических лабораторий, студентам химико-технологических факультетов и вузов, а также студентам нехимических естественных факультетов университетов и педагогических институтов.
Լեզու:ռուսերեն
Հրապարակվել է: 1990
Խորագրեր:
Ձևաչափ: Գիրք
KOHA link:https://koha.lib.tpu.ru/cgi-bin/koha/opac-detail.pl?biblionumber=277952

MARC

LEADER 00000nam2a2200000 4500
001 277952
005 20231101235051.0
010 |a 572450751X 
035 |a (RuTPU)RU\TPU\book\301229 
035 |a RU\TPU\book\34544 
090 |a 277952 
100 |a 20141208d1990 m y0rusy50 ca 
101 0 |a rus 
102 |a RU 
105 |a y j 000zy 
200 0 |a Кн. 1 
210 |d 1990 
215 |a 480 с. 
330 |a Изложены теоретические основы, а также цели и задачи аналитической химии, теория химических, физико-химических и физических методов анализа. Рассмотрены принципы подготовки пробы к анализу, переведение ее в раствор, определение состава материалов, препаратов, руд, горных пород и анализ объектов окружающей среды. Даны необходимые сведения о новых методах анализа и о ме­тодах определения структуры химических соединений. Приведены методы обработки результатов.Предназначена для студентов химических факультетов университетов. Будет полезна аспирантам и химикам-аналитикам химических и геологических лабораторий, студентам химико-технологических факультетов и вузов, а также студентам нехимических естественных факультетов университетов и педагогических институтов. 
461 1 |0 (RuTPU)RU\TPU\book\34544  |y 572450507-X  |t Аналитическая химия  |o учебное пособие  |o в 2 кн.  |f А. Т. Пилипенко, И. В. Пятницкий  |v Кн. 1  |d 1990 
606 1 |a Аналитическая химия  |2 stltpush  |3 (RuTPU)RU\TPU\subj\67454  |9 83247 
610 1 |a анализы 
610 1 |a физико-химические методы 
610 1 |a теория 
610 1 |a учебные пособия 
610 1 |a библиотека А. Г. Стромберга 
675 |a 543(075.8)  |v 3 
801 0 |a RU  |b 63413507  |c 20011210  |g PSBO 
801 2 |a RU  |b 63413507  |c 20200722  |g PSBO 
900 |a Аналитическая химия и физико-химические методы анализа 
900 |a Аналитическая химия 
900 |a Химические методы контроля 
942 |c BK